000 004160000a22001690004500
003 MACL
005 20151229163137.0
008 151229b xxu||||| |||| 00| 0 eng d
040 _aMACL
_cMACL
041 _aEnglish
082 _a237/LUC
100 _aLuckock, Herbert Mortimer
_924277
245 _aAfter Death
260 _bLongman's Green And Co
_c1908
650 _aReligion
_924278
942 _cBK
_k237/LUG
_2ddc
999 _c37348
_d37348